Cómo nace y crece un volcán (Record no. 7212)

MARC details
000 -CABECERA
campo de control de longitud fija 00872nam a2200265 a 4500
001 - NÚMERO DE CONTROL
campo de control BRCA_7538
005 - FECHA Y HORA DE LA ÚLTIMA TRANSACCIÓN
campo de control 20190320205858.0
008 - DATOS DE LONGITUD FIJA--INFORMACIÓN GENERAL
campo de control de longitud fija 240513s1950----mx-a######---#000-0#spa-#
041 ## - CÓDIGO DE LENGUA
Código de lengua del texto/banda sonora o título independiente spa
044 ## - CÓDIGO DEL PAÍS DE LA ENTIDAD EDITORA/PRODUCTORA
Código MARC del país mx
050 #4 - SIGNATURA TOPOGRÁFICA DE LA BIBLIOTECA DEL CONGRESO
Número de clasificación QE523.P3
Número de documento/Ítem .A85 1950
100 1# - ENTRADA PRINCIPAL--NOMBRE DE PERSONA
Nombre de persona Dr. Atl
Fechas asociadas al nombre 1875-1964
Forma completa/desarrollada del nombre Gerardo Murillo
9 (RLIN) 18584
245 10 - MENCIÓN DE TÍTULO
Título Cómo nace y crece un volcán
Resto del título el Paricutín
Mención de responsabilidad, etc. obra escrita e ilustrada por el Dr. Atl.
260 ## - PUBLICACIÓN, DISTRIBUCIÓN, ETC.
Lugar de publicación, distribución, etc. México
Nombre del editor, distribuidor, etc. Stylo
Fecha de publicación, distribución, etc. 1950
300 ## - DESCRIPCIÓN FÍSICA
Extensión 152 p.
Otras características físicas il. (algunas a color), 41 láminas
Dimensiones 31 cm.
500 ## - NOTA GENERAL
Nota general En portada: El Paricutín 1943-México-1950
500 ## - NOTA GENERAL
Nota general Dedicatoria del autor al señor Franz Mayer
500 ## - NOTA GENERAL
Nota general Ejemplar numerado 493 de 1,200 (2a. serie)
500 ## - NOTA GENERAL
Nota general Incluye índice de ilustraciones
500 ## - NOTA GENERAL
Nota general S7
650 14 - PUNTO DE ACCESO ADICIONAL DE MATERIA--TÉRMINO DE MATERIA
Término de materia o nombre geográfico como elemento de entrada Paricutín
Subdivisión geográfica México
9 (RLIN) 18585
650 14 - PUNTO DE ACCESO ADICIONAL DE MATERIA--TÉRMINO DE MATERIA
Término de materia o nombre geográfico como elemento de entrada Volcanes
Subdivisión geográfica México
9 (RLIN) 18586
902 ## - CATALOGADOR
Iniciales GFM
942 ## - ELEMENTOS DE PUNTO DE ACCESO ADICIONAL (KOHA)
Fuente del sistema de clasificación o colocación Library of Congress Classification
Tipo de ítem Koha Libros
Holdings
Estado de retiro Estado de pérdida Estado dañado No para préstamo Localización permanente Ubicación/localización actual Fecha de adquisición Número de inventario Total de préstamos Signatura topográfica completa Código de barras Fecha visto por última vez Precio válido a partir de Tipo de ítem Koha
El ejemplar forma parte de la colección y puede ser consultado según las políticas vigentes.       Biblioteca del Museo Franz Mayer (Rogerio Casas-Alatriste) Biblioteca del Museo Franz Mayer (Rogerio Casas-Alatriste) 24/05/2013 S7   QE523.P3 .A85 1950 (S7) 8143 22/03/2019 22/03/2019 Libros